Best-loved Psalms (Record no. 3746)

MARC details
000 -LEADER
fixed length control field 00465nam a22001697a 4500
003 - CONTROL NUMBER IDENTIFIER
control field GBCCL
005 - DATE AND TIME OF LATEST TRANSACTION
control field 20241126110502.0
008 - FIXED-LENGTH DATA ELEMENTS--GENERAL INFORMATION
fixed length control field 171206b xxu||||| |||| 00| 0 eng d
020 ## - INTERNATIONAL STANDARD BOOK NUMBER
International Standard Book Number 0-7607-0805-3
040 ## - CATALOGING SOURCE
Transcribing agency gbc
082 ## - DEWEY DECIMAL CLASSIFICATION NUMBER
Classification number 223.2
Item number PSL
245 ## - TITLE STATEMENT
Title Best-loved Psalms
Statement of responsibility, etc. Edited by Clare Haworth-Maden
260 ## - PUBLICATION, DISTRIBUTION, ETC.
Place of publication, distribution, etc. New York:
Name of publisher, distributor, etc. Barnes & Noble Books,
Date of publication, distribution, etc. 1998
300 ## - PHYSICAL DESCRIPTION
Extent 80 p.;
Other physical details ill.,
Dimensions 23 cm.
650 00 - SUBJECT ADDED ENTRY--TOPICAL TERM
Topical term or geographic name entry element .Bible
Form subdivision Old Testament
General subdivision Psalms
9 (RLIN) 7557
942 ## - ADDED ENTRY ELEMENTS (KOHA)
Source of classification or shelving scheme Dewey Decimal Classification
Koha item type Books
Holdings
Withdrawn status Lost status Source of classification or shelving scheme Damaged status Not for loan Home library Current Library Shelving location Date acquired Total checkouts Full call number Barcode Date last seen Copy number Price effective from Koha item type
    Dewey Decimal Classification     GRACE BIBLE COLLEGE GRACE BIBLE COLLEGE Biblical Studies 2017-12-06   223.2 PSL 008893 2025-05-01 c.1 2017-12-06 Books
© Grace Bible College Library 2025